Heredity & environment / (Record no. 127530)

MARC details
000 -LEADER
fixed length control field 00671nam a22002297a 4500
005 - DATE AND TIME OF LATEST TRANSACTION
control field 20170124110026.0
010 ## - LIBRARY OF CONGRESS CONTROL NUMBER
LC control number A-048471
020 ## - INTERNATIONAL STANDARD BOOK NUMBER
Terms of availability 00.00
International Standard Book Number 041683866
035 ## - SYSTEM CONTROL NUMBER
System control number A-048471
037 ## - SOURCE OF ACQUISITION
Source of stock number/acquisition Cen Lib/Ret
040 ## - CATALOGING SOURCE
Original cataloging agency DPL
Language of cataloging EN
082 ## - DEWEY DECIMAL CLASSIFICATION NUMBER
Classification number 575.1
Item number HAR
245 ## - TITLE STATEMENT
Title Heredity & environment /
Statement of responsibility, etc edited by A.H.Halsey
Remainder of title
260 ## - PUBLICATION, DISTRIBUTION, ETC. (IMPRINT)
Place of publication, distribution, etc London
Name of publisher, distributor, etc Methuen & co. ltd
Date of publication, distribution, etc 1977
270 ## - ADDRESS
Address London
City London
300 ## - PHYSICAL DESCRIPTION
Extent 337p.
Dimensions 20cm(Hb)
500 ## - GENERAL NOTE
General note Includes bibliographical reference
650 ## - SUBJECT ADDED ENTRY--TOPICAL TERM
Topical term or geographic name as entry element Heredity, Human
9 (RLIN) 20756
650 ## - SUBJECT ADDED ENTRY--TOPICAL TERM
Topical term or geographic name as entry element Human beings--Effect of environment on
9 (RLIN) 20757
700 ## - ADDED ENTRY--PERSONAL NAME
9 (RLIN) 20680
Personal name Halsey, A.H.
942 ## - ADDED ENTRY ELEMENTS (KOHA)
Source of classification or shelving scheme Dewey Decimal Classification
Koha item type English Books
Classification part 575.1
Call number suffix HAR
Holdings
Withdrawn status Lost status Damaged status Not for loan Home library Current library Date acquired Source of acquisition Cost, normal purchase price Total Checkouts Full call number Barcode Date last seen Copy number Cost, replacement price Price effective from Koha item type
        Central Library Central Library 29/06/2015 Cen Lib/Ret 0.00   575.1 HAR A-048471 29/06/2015 1 0.00 29/06/2015 English Books

© Delhi Public Library
Hit Counter
free hit counter